| 000 | 00766nac a22002171u 4500 | ||
|---|---|---|---|
| 008 | 100906s2003 n |||||r|||| 00| 0 eng d | ||
| 010 | _a2002151793 | ||
| 020 | _a0130473200 (pbk.) | ||
| 082 | 0 | 0 |
_a005.7565 _bBEN _222 |
| 100 |
_aRosenzweig, Benjamin. _918331 |
||
| 245 | 1 | 0 |
_aOracle PL/SQL : _binteractive workbook / _cBenjamin Rosenzweig, Elena Silvestrova. |
| 250 | _a2nd ed. | ||
| 260 |
_aUpper Saddle River, N.J. : _bPrentice Hall PTR, _c2003. |
||
| 300 |
_axviii, 662 p. : _bill. ; _c24 cm. |
||
| 440 | 4 |
_aThe Prentice Hall PTR Oracle series _918332 |
|
| 500 | _aIncludes index. | ||
| 650 | 0 |
_aPL/SQL (Computer program language) _918333 |
|
| 650 | 0 |
_aRelational databases. _918334 |
|
| 700 | 1 |
_aSilvestrova, Elena. _918335 |
|
| 942 |
_cBB _k005.7565R816 _2ddc |
||
| 999 |
_c547 _d547 |
||